The Prestige Trivia - Statistics

General Stats
  • This quiz has been taken 23 times
  • The average score is 8 of 13
Answer Stats
Hint Answer % Correct
The third part of a magic trick The Prestige
100%
Musician who played Nikola Tesla David Bowie
75%
Main Character who died in the movie Robert Angier
70%
Robert Angier's stage name The Great Danton
70%
Scarlett Johansson's Character Olivia Wenscombe
65%
The trick in which Alfred Borden loses his fingers Bullet Catch
60%
Michael Caine's Character John Cutter
60%
The second part of a magic trick The Turn
60%
She is drowned in a water tank Julia McCullough
55%
The first part of a magic trick The Pledge
55%
Alfred Borden's last word Abracadabra
50%
First Words Are you watching closely?
40%
Robert Angier's name at the end of the movie Lord Caldlow
40%
No matching quizzes found
Score Distribution
Percent of People with Each Score
Percentile by Number Answered
Your Score History
You have not taken this quiz